Polskie kluby piłkarskie - Rozpoznaj po herbie! - Statystyki

Ogólne statystyki
  • Ten quiz został rozwiązany 355 razy
  • Średni wynik to 8 z 10
Statystyki odpowiedzi
Obrazkowy Odpowiedź % Poprawnych
Legia Warszawa
100%
Arka Gdynia
95%
Raków Częstochowa
93%
Stal Mielec
90%
Miedź Legnica
85%
Zagłębie Lubin
83%
GKS Tychy
80%
Kotwica Kołobrzeg
77%
Podbeskidzie Bielsko-Biała
72%
Chrobry Głogów
68%
Nie znaleziono quizów pasujących do podanych kryteriów
Rozkład punktacji
Procent ludzi z każdym wynikiem
Percentyl według liczby udzielonych odpowiedzi
Twoja historia wyników
Nie rozwiązałeś tego quizu